00971nam a2200277Ia 4500001000700000003000500007008004100012010001100053040000900064090001600073100003700089245012200126260004100248300001000289502007600299650004200375650003700417650003600454901001600490902000600506910000900512942000600521942000600527999001900533952014100552Z_2186CHAP220113s1992 xx 000 0 und d a165242 cCHAP aTesis C 979 aCorral Vázquez, Rodolfo928193 aProducción caprina en la ganadería familiar de la cordillera del Tentzo, Puebla /cpor Rodolfo Corral Vázquez aChapingo, Méx. :bEl autor,c1992 a63 h. aTesis (Ing. Agr. Esp. en Zootecnia) -- UACH. Departamento de Zootecnia aGanado cabríoxProducción 945038 aGanado cabríoxPuebla 9139222 aPueblaxGanado cabrío9139223 aTESIS C 979 aM a1992 c2 c2 c165242d165242 00102local4051708TESISaZbZd2005-11-09eEl autorl0oTesis C67 979 1992p5101001448r2022-01-18 00:00:00tEj.1w2022-01-18yTESIS